Loading...
| History - European | 0 | 4 | 1 | 2 | 35 | 47 | 83.00 | 0 | 1 | 5.06 | 7.24 |
| Social Science | 0 | 2 | 0 | 0 | 20 | 88 | 90.50 | 0 | 1 | 3.76 | 10.94 |
| Literature - World | 0 | 2 | 0 | 0 | 20 | 64 | 95.50 | 0 | 0 | 4.62 | 8.75 |
| Mythology | 0 | 1 | 0 | 0 | 10 | 103 | 103.00 | 0 | 1 | 1.49 | 7.50 |
| Literature - American | 0 | 1 | 0 | 0 | 10 | 77 | 77.00 | 0 | 1 | 6.13 | 14.29 |
| Fine Arts - Painting and Sculpture | 0 | 1 | 0 | 0 | 10 | 46 | 46.00 | 0 | 1 | 6.07 | 8.57 |
| History - Other | 0 | 1 | 0 | 0 | 10 | 55 | 55.00 | 1 | 1 | 4.86 | 8.75 |
| Popular Culture | 0 | 1 | 0 | 0 | 10 | 51 | 51.00 | 0 | 0 | 11.57 | 12.50 |
| Religion | 0 | 1 | 0 | 1 | 10 | 99 | 99.00 | 0 | 0 | 0.00 | 1.25 |
| Fine Arts - Other | 0 | 0 | 0 | 0 | 0 | 0.00 | 0 | 0 | 0.00 | 0.00 |